| Tag |
First Indicator |
Second Indicator |
Subfields |
| LEADER |
00000cam a2200000Ia 4500 |
| 001 |
in00002378713 |
| 005 |
20210810090623.0 |
| 006 |
m d |
| 007 |
cr cn||||||||| |
| 008 |
080307s2007 it a sb 001 0 ita d |
| 020 |
|
|
|a 8847005442
|
| 020 |
|
|
|a 9788847005440
|
| 035 |
|
|
|a (OCoLC)213095974
|
| 035 |
|
|
|a (OCoLC)ocn213095974
|
| 037 |
|
|
|a 978-88-470-0543-3
|b Springer
|n http://www.springerlink.com
|
| 040 |
|
|
|a GW5XE
|c GW5XE
|d GW5XE
|d UtOrBLW
|
| 041 |
1 |
|
|a ita
|h eng
|
| 049 |
|
|
|a TEFA
|
| 050 |
1 |
4 |
|a QB63
|b .M59513 2007eb
|
| 082 |
0 |
4 |
|a 520
|2 22
|
| 100 |
1 |
|
|a Mobberley, Martin,
|d 1958-
|0 http://id.loc.gov/authorities/names/n98031495
|
| 240 |
1 |
0 |
|a New amateur astronomer.
|l Italian
|
| 245 |
1 |
2 |
|a L'astrofilo moderno /
|c Martin Mobberley ; [traduzione di Albino Carbognani].
|
| 264 |
|
1 |
|a Milano :
|b Springer,
|c [2007]
|
| 264 |
|
4 |
|c ©2007
|
| 300 |
|
|
|a ix, 229 pages :
|b illustrations
|
| 336 |
|
|
|a text
|b txt
|2 rdacontent
|
| 337 |
|
|
|a computer
|b c
|2 rdamedia
|
| 338 |
|
|
|a online resource
|b cr
|2 rdacarrier
|
| 490 |
1 |
|
|a Le Stelle
|
| 500 |
|
|
|a Electronic book.
|
| 500 |
|
|
|a Electronic resource.
|
| 500 |
|
|
|a Title from title screen (viewed on Mar. 6, 2008).
|
| 504 |
|
|
|a Includes bibliographical references and index.
|
| 506 |
|
|
|a Digital content provided by Springer; access may be restricted to users at subscribing institutions.
|
| 538 |
|
|
|a Mode of access: World Wide Web.
|
| 538 |
|
|
|a System requirements: Web browser.
|
| 650 |
1 |
4 |
|a Popular Science.
|
| 650 |
2 |
4 |
|a Popular Science in Astronomy.
|
| 650 |
|
0 |
|a Astronomy
|v Amateurs' manuals.
|0 http://id.loc.gov/authorities/subjects/sh2007101545
|
| 655 |
|
7 |
|a Electronic books.
|2 local
|
| 710 |
2 |
|
|a SpringerLink (Online service)
|0 http://id.loc.gov/authorities/names/no2005046756
|
| 830 |
|
0 |
|a Stelle.
|
| 856 |
4 |
0 |
|u http://proxy.library.tamu.edu/login?url=https://dx.doi.org/10.1007/978-88-470-0544-0
|z Connect to the full text of this electronic book
|t 0
|
| 994 |
|
|
|a C0
|b TEF
|
| 999 |
|
|
|a MARS
|
| 999 |
f |
f |
|s eaf64af8-db43-3033-957b-dcf3dca0e99c
|i 19669d4b-8f69-3c77-bac6-b90e4938f029
|t 0
|
| 952 |
f |
f |
|a Texas A&M University
|b College Station
|c Electronic Resources
|d Available Online
|t 0
|e QB63 .M59513 2007eb
|h Library of Congress classification
|
| 998 |
f |
f |
|a QB63 .M59513 2007eb
|t 0
|l Available Online
|